| 000 | 00741nam a2200229 i 4500 | ||
|---|---|---|---|
| 001 | 134075 | ||
| 003 | ES-MaACL | ||
| 007 | t| | ||
| 008 | 070905s1981 mx ||||1| spa d | ||
| 020 | _a968-16-0799-6 | ||
| 080 | _a159.954 | ||
| 100 | 1 |
_aWarnock, Mary. _9116121 |
|
| 245 | 1 | 3 |
_aLa imaginación / _cMary Warnock ; [traducción de Juan José Utrilla]. |
| 250 | _a[1ª ed. en español]. | ||
| 260 |
_aMéxico : _bFondo de Cultura Económica, _c1981. |
||
| 300 |
_a362 p. ; _c18 cm. |
||
| 490 | 1 |
_aBreviarios del fondo de cultura económica ; _v311 |
|
| 700 | 1 |
_aUtrilla, Juan José. _9112336 |
|
| 830 | 0 |
_aBreviarios del fondo de cultura económica ; _v311 _9179682 |
|
| 852 |
_aES-MaACL _jL-8423 _bR.109108 |
||
| 999 |
_c134075 _d134075 |
||